00918nam a2200217 i 4500003000900000005001700009007000300026008004100029040003000070082002800100245012300128264011000251300004000361336002700401337003300428338002800461490002600489650005400515650003900569710009200608DO-SdBNP20241011111948.0ta241011s1983 dr a 001 0 spa d aDO-SdBNPbspacBNPHUerda a331.88bT355b, 198322200aTextos básicos para la educación sindical :bel sindicalismo latinoamericano y sus vinculaciones internacionales / 1aSanto Domingo :bSecretaría de Educación Obrera,bUnión General de Trabajadores Dominicanos,c1983. a75 páginasbilustracionesc25 cm. atextobtxt2rdacontent asin mediaciónbn2rdamedia avolumenbnc2rdacarrier aCuadernos U. G. T. D. 4aSindicalismozRepública DominicanaxEnseñanza 4aSindicatoszRepública Dominicana2 aUnión General de Trabajadores Dominicanos (UGTD).bSecretaría de Educación Obrera